Spicilegium Catechetico - concionatorium, idest conceptus exegetici ... Pars Tertia

Bibliographic Details
Main Author: Claus, Josephi Ignatius (Author)
Format: Book
Language:English
PhysicalDescription:44, 648 s.
Published: Venetiis Ex Typographia Balleoniana 1750

MARC

LEADER 00000nam a2200000 a 4500
001 vtls008182699
003 SK-MaSNL
005 20260301182342.0
008 240314 000 0 eng
040 |a SNK  |b slo  |c SNK  |e AACR2 
100 1 |a Claus, Josephi Ignatius  |4 aut  |9 556097 
245 1 0 |a Spicilegium Catechetico - concionatorium, idest conceptus exegetici ...  |n Pars Tertia 
260 |a Venetiis  |b Ex Typographia Balleoniana  |c 1750 
300 |a 44, 648 s. 
999 |c 853339  |d 855269 
952 |a SNK  |b SNK  |y VYP  |7 0  |o snkIC 33709/3  |i snkF 3744/81  |3 rekatalogizácia  |0 0  |1 0  |4 0  |d 2005-07-06  |l 0  |r 2026-02-24 04:48:14  |w 2026-02-24